[Event "Ambes op 3rd"]
[Site "Ambes"]
[Date "2010.04.25"]
[Round "2"]
[White "Font, Bernard"]
[Black "Pellegrin, Guy"]
[Result "0-1"]
[WhiteElo "1762"]
[BlackElo "1840"]
[PlyCount "76"]
[EventDate "2010.04.24"]
[EventType "swiss"]
[EventRounds "9"]
[EventCountry "FRA"]
[SourceTitle "EXT 2011"]
[Source "ChessBase"]
[SourceDate "2010.11.26"]
[SourceVersion "1"]
[SourceVersionDate "2010.11.26"]
[SourceQuality "1"]

1. e4 c5 2. Nf3 d6 3. d4 cxd4 4. Nxd4 Nf6 5. Nc3 g6 6. Bg5 Bg7 7. Qd2 0-0 8. Bh6 Bxh6 9. Qxh6 Qb6 10. 0-0-0 Nc6 11. Qd2 Qxd4 12. Qxd4 Nxd4 13. Rxd4 Be6 14. f3 Rac8 15. a3 Rc5 16. Rb4 Rb8 17. Ba6 b6 18. Rd1 Bc8 19. Ra4 Bd7 20. Rad4 b5 21. a4 bxa4 22. Nd5 Nxd5 23. Rxd5 Be6 24. Rxc5 dxc5 25. Rd2 Kg7 26. g3 c4 27. Rd4 Rb6 28. Bxc4 Rb4 29. b3 axb3 30. cxb3 Bxc4 31. bxc4 e5 32. Rd7 Rxc4+ 33. Kb2 Rb4+ 34. Kc3 Ra4 35. Kb3 Ra1 36. Kb2 Rf1 37. Rxa7 Rxf3 38. Ra2 Re3 0-1

[Event "Ambes op 1st"]
[Site "Ambes"]
[Date "2007.04.13"]
[Round "9"]
[White "Curely, Etienne"]
[Black "Font, Bernard"]
[Result "1-0"]
[WhiteElo "1780"]
[BlackElo "1620"]
[PlyCount "113"]
[EventDate "2007.04.07"]
[EventType "swiss"]
[EventRounds "11"]
[EventCountry "FRA"]
[SourceTitle "CBM 117 Extra"]
[Source "ChessBase"]
[SourceDate "2007.05.09"]
[SourceVersion "1"]
[SourceVersionDate "2007.05.09"]
[SourceQuality "1"]

1. e4 e5 2. Nf3 Nc6 3. Bb5 Nf6 4. Nc3 d6 5. h3 Bd7 6. d3 Be7 7. 0-0 0-0 8. Bxc6 Bxc6 9. Nh2 d5 10. Ng4 dxe4 11. Nxf6+ Bxf6 12. Nxe4 Bxe4 13. dxe4 Qxd1 14. Rxd1 Rad8 15. Be3 a6 16. Rd3 Be7 17. Rad1 Rxd3 18. Rxd3 Bd6 19. c4 b6 20. f3 a5 21. Rd5 f6 22. c5 bxc5 23. Bxc5 Rb8 24. Bxd6 cxd6 25. b3 a4 26. bxa4 Ra8 27. Rxd6 Rxa4 28. Rd2 Kf7 29. Kf2 Ke6 30. Ke1 h5 31. Kd1 g5 32. Kc1 g4 33. hxg4 hxg4 34. Kb2 f5 35. Kb3 Ra8 36. exf5+ Kxf5 37. Re2 gxf3 38. gxf3 Kf4 39. Re4+ Kf5 40. a4 Rd8 41. Kc3 Rd1 42. a5 Rf1 43. Re3 Kf4 44. Rd3 Ra1 45. Kb4 e4 46. fxe4 Kxe4 47. Rd8 Rb1+ 48. Kc5 Ra1 49. Kb6 Rb1+ 50. Ka7 Ke5 51. a6 Ke6 52. Rb8 Ra1 53. Rb6+ Kd7 54. Kb8 Rh1 55. a7 Rh8+ 56. Kb7 Rc8 57. a8Q 1-0

[Event "Ambes op 1st"]
[Site "Ambes"]
[Date "2007.04.11"]
[Round "6"]
[White "Gallice, Francois"]
[Black "Font, Bernard"]
[Result "1-0"]
[WhiteElo "1912"]
[BlackElo "1620"]
[PlyCount "89"]
[EventDate "2007.04.07"]
[EventType "swiss"]
[EventRounds "11"]
[EventCountry "FRA"]
[SourceTitle "CBM 117 Extra"]
[Source "ChessBase"]
[SourceDate "2007.05.09"]
[SourceVersion "1"]
[SourceVersionDate "2007.05.09"]
[SourceQuality "1"]

1. Nf3 Nf6 2. c4 d6 3. g3 e5 4. d3 Be7 5. Bg2 Nc6 6. a3 0-0 7. b4 a6 8. Bb2 Rb8 9. Nbd2 Bf5 10. Rc1 Qd7 11. 0-0 Bh3 12. Rc2 Bxg2 13. Kxg2 Rfe8 14. Qa1 Bf8 15. e4 Nh5 16. h3 Re6 17. Rh1 Rg6 18. Kf1 Be7 19. Qd1 Rf8 20. Ke1 f5 21. exf5 Rh6 22. Qe2 Rxf5 23. b5 axb5 24. cxb5 Nd4 25. Bxd4 exd4 26. Kd1 Re6 27. Qf1 Rd5 28. a4 Bf6 29. Qg2 c5 30. Nc4 Bd8 31. Re1 Rxe1+ 32. Kxe1 Qf5 33. Rd2 Qg6 34. Nh4 Qf7 35. Qe4 Nf6 36. Qf3 Qh5 37. Re2 Qxf3 38. Nxf3 Kf7 39. a5 Nd7 40. a6 bxa6 41. bxa6 Nb6 42. Nxb6 Bxb6 43. Rb2 Ba5+ 44. Kf1 c4 45. a7 1-0

[Event "Ambes op 1st"]
[Site "Ambes"]
[Date "2007.04.07"]
[Round "1"]
[White "Alard, Pierre"]
[Black "Font, Bernard"]
[Result "0-1"]
[WhiteElo "1919"]
[BlackElo "1620"]
[PlyCount "86"]
[EventDate "2007.04.07"]
[EventType "swiss"]
[EventRounds "11"]
[EventCountry "FRA"]
[SourceTitle "CBM 117 Extra"]
[Source "ChessBase"]
[SourceDate "2007.05.09"]
[SourceVersion "1"]
[SourceVersionDate "2007.05.09"]
[SourceQuality "1"]

1. d4 Nf6 2. Nd2 e6 3. e4 g6 4. Ngf3 d6 5. Bd3 Bg7 6. 0-0 0-0 7. Re1 Nc6 8. c3 Ne7 9. h3 c5 10. Nf1 cxd4 11. cxd4 Nc6 12. a3 Qb6 13. Bc2 e5 14. b4 exd4 15. Bb2 Nd7 16. Bb3 Nde5 17. N1d2 Nd3 18. Nc4 Nxb2 19. Nxb2 Ne5 20. Nd2 Be6 21. Nbc4 Qc7 22. Nb2 Bxb3 23. Nxb3 Qc3 24. Na4 Qc7 25. Rc1 Qd7 26. Nxd4 Nd3 27. Qxd3 Qxa4 28. Qb3 Qxb3 29. Nxb3 Bb2 30. Rb1 Be5 31. Red1 Rac8 32. a4 b6 33. f3 Rc4 34. Nd2 Rc2 35. Nb3 Rc4 36. Nd2 Rc2 37. a5 bxa5 38. bxa5 Rfc8 39. Rb7 Ra2 40. Nb3 Rcc2 41. Nd4 Rxg2+ 42. Kf1 Raf2+ 43. Ke1 Bg3 0-1